Tous les génériques de dessins animés chantés par Bernard Minet - Statistiques

Statistiques générales
  • Ce quiz a été pris 31 fois
  • Le résultat moyen est 15 sur 72
Statistiques - réponses
Générique % Correct
Les Chevaliers du Zodiaque
83%
A l'assaut (Bioman)
65%
Bioman
65%
Bioman Bioman (Bioman)
65%
Goldorak, oui c'est son nom (Goldorak)
65%
Je voudrais être un Bioman (Bioman)
65%
Le plus grand des robots (Goldorak)
65%
Le retour de Goldorak (Goldorak)
65%
Un robot un héros (Goldorak)
65%
Hey Biomango (Bioman)
65%
La Chanson des Chevaliers (Les Chevaliers du Zodiaque)
61%
L'Hymne des Chevaliers (Les Chevaliers du Zodiaque)
61%
Sous le signe du Zodiaque (Les Chevaliers du Zodiaque)
61%
Juliette et Hugo (Juliette je t'aime)
43%
Juliette je t'aime
43%
Dragon Ball et Dragon Ball Z
35%
Le Collège fou, fou, fou
35%
Sailor Moon
35%
L'Ecole des champions
30%
Ranma 1/2
30%
Turbo Rangers
30%
Capitaine Flam
26%
Je veux être un Bisounours (Les Bisounours)
22%
Fly
17%
Giraya
17%
Les Attaquantes
17%
Winspector
17%
Dors en paix la Terre (Bioman 2 Maskman)
13%
Force Rouge Force Jaune (Bioman 2 Maskman)
13%
Pibolo (Bioman 2 Maskman)
13%
Jeu set et match
13%
Pokémon
13%
Bioman est de retour (Bioman 3 Liveman)
9%
Dis moi Bioman (Bioman 2 Maskman)
9%
La chanson des héros (Bioman 2 Maskman)
9%
Transformers, pour un monde meilleur (Transformers, génération 1)
9%
Go Gobots
9%
Mask
9%
Muscleman
9%
Adrien le sauveur du monde
4%
Biskitts (Les Biskitts)
4%
Capitaine Sheider
4%
Conan l'Aventurier
4%
Appelle le petit Poney (My Little Poney)
4%
Le Grand Sherlock Holmes (Les aventures de Sherlock Holmes)
4%
Va toujours au combat! (G.I Joe)
4%
Flashman
4%
J'ai le pouvoir (She-ra)
4%
Jaspion
4%
Justiciers de la paix (Flashman)
4%
Les Samourais de l'éternel
4%
Marc et Marie
4%
Paul le Pêcheur
4%
Shurato
4%
Ultraman 80
4%
Willie Boy
4%
Bioman notre espoir (Le Noel de Bioman)
0%
La marche des héros (Dragon Ball Z)
0%
Dragon Ball GT
0%
Grand Prix
0%
Gu Gu Ganmo
0%
Jiban
0%
Le Roi Arthur
0%
Les justiciers de l'espace
0%
Patlabor
0%
Pygmalion
0%
Robotech
0%
Sharivan
0%
Silverhawk
0%
Smash
0%
Spiral Zone
0%
Wingsman
0%
Aucun quiz correspondant
Distribution des résultats
% des personnes avec chaque résultat
Percentile par nombre de réponses
Votre historique - résultats
Vous n’avez pas pris ce quiz